00554nam a22001817a 450000500170000001000150001702000260003203500130005803700130007108200170008410000210010124500830012225000110020526000470021627000640026330000250032770000200035220151203155216.0 aENG-114286 c550.00a9789350354728 aEN-97818 bDBAD/PUB a344.54014133 aJaising , Indira aSexual harassment at workplace /cby Indira Jaising ; edited by Shomona Khanna a2nd ed aNew DelhibUniversal Law Publishing c2014 aA-58, , G.T. Karnal Road Industrial AreabNew Delhie110033 axxix,314p.c24cm(Hb) aKhanna, Shomona